| 000 | 00789nam a22001937a 4500 | ||
|---|---|---|---|
| 003 | BD-DhUL | ||
| 005 | 20160822170839.0 | ||
| 008 | 160822b1956 B ||||| |||| 00| 0 B d | ||
| 040 |
_cBD-DhUL _dBD-DhUL _dBD-DhUL |
||
| 082 |
_a33935492 _bABB |
||
| 100 | _aআজাদ,আবুল কালাম | ||
| 245 |
_aবাংলাদেশ আমার বাংলাদেশ / _cআবুল কালাম আজাদ |
||
| 260 |
_aঢাকা: _bসিন্দাবাদ প্রকাশনী, _c১৯৫৬. |
||
| 300 |
_a১৪৪ পৃ. _c১৮সেমি. |
||
| 504 | _a নির্ঘন্ট ও গ্রন্থপজ্ঞীগত ত্তথ্য সংবলিত | ||
| 650 | _vঅর্থনীতি | ||
| 651 | _vEconomic | ||
| 942 |
_2ddc _cBK |
||
| 999 |
_c100579 _d100579 |
||